| 000 | 00438nam a2200169Ia 4500 | ||
|---|---|---|---|
| 003 | OSt | ||
| 005 | 20260323150644.0 | ||
| 008 | 211028s2019 xx 000 0 und d | ||
| 040 | _cAIMIT LIBRARY | ||
| 041 | _aeng | ||
| 100 |
_aMeghashree; Kumar, Rakesh. _g161750 _95362 |
||
| 110 |
_aAnnapoorna Shetty _95363 |
||
| 245 | _aMyMescom Android app / | ||
| 260 |
_aMangaluru _c2019 |
||
| 710 |
_aNube Web Services _95364 |
||
| 942 |
_2ddc _cPRO |
||
| 999 |
_c217880 _d217880 |
||